Statistiche per Mappa del mondo vuota senza 20 paesi casuali

Clicka qui per fare il quiz!

Statistiche generali

  • Questo quiz è stato fatto 87 volte
  • Il punteggio medio è 16 su 20

Risposte nella Mappa

Le risposte nella mappa del quiz sottostante sono codificate secondo una scala di colori dal rosso al verde in base alla % di persone che hanno risposto correttamente.
 

Statistiche sulle risposte

paese% Corretto
Afghanistan
100%
Algeria
100%
Argentina
100%
Austria
100%
Bielorussia
100%
Bolivia
100%
Botswana
100%
Brasile
100%
Bulgaria
100%
Burkina Faso
100%
Camerun
100%
Canada
100%
Cechia
100%
Cina
100%
Congo
100%
Ecuador
100%
Egitto
100%
Francia
100%
Germania
100%
India
100%
Indonesia
100%
Iran
100%
Islanda
100%
Italia
100%
Kazakistan
100%
Kirghizistan
100%
Libia
100%
Mali
100%
Mauritania
100%
Messico
100%
Moldavia
100%
Mongolia
100%
Namibia
100%
Nepal
100%
Niger
100%
Nigeria
100%
Panama
100%
Paraguay
100%
Perù
100%
Rep Dem del Congo
100%
Romania
100%
Russia
100%
Serbia
100%
Slovacchia
100%
Slovenia
100%
Spagna
100%
Stati Uniti
100%
Svezia
100%
Svizzera
100%
Taiwan
100%
Tanzania
100%
Turchia
100%
Turkmenistan
100%
Ucraina
100%
Ungheria
100%
Uzbekistan
100%
Venezuela
100%
Yemen
100%
Zimbabwe
100%
Tagikistan
92%
Etiopia
90%
Macedonia del Nord
89%
Sudafrica
89%
Sud Sudan
89%
Corea del Nord
88%
Madagascar
88%
Siria
86%
Togo
86%
Vietnam
86%
Côte d'Ivoire
83%
Croazia
83%
Cuba
83%
Danimarca
83%
Norvegia
83%
Repubblica Centrafricana
83%
Repubblica Dominicana
83%
Senegal
83%
Sierra Leone
83%
Australia
80%
Belgio
80%
Bosnia ed Erzegovina
80%
Cambogia
80%
Ciad
80%
Ghana
80%
Guinea-Bissau
80%
Guyana
80%
Nicaragua
80%
Polonia
80%
Suriname
80%
Uganda
80%
Malawi
78%
Regno Unito
78%
Cile
75%
Colombia
75%
Guinea
75%
Honduras
75%
Kenya
75%
Somalia
75%
Haiti
71%
Papua Nuova Guinea
71%
Irlanda
70%
Mozambico
70%
Angola
67%
Corea del Sud
67%
Costa Rica
67%
Emirati Arabi Uniti
67%
Estonia
67%
Grecia
67%
Iraq
67%
Lituania
67%
Portogallo
67%
Sri Lanka
67%
Uruguay
67%
Zambia
67%
Liberia
63%
Thailandia
63%
Arabia Saudita
60%
Pakistan
60%
Birmania
57%
Finlandia
57%
Kosovo
57%
Benin
56%
Gabon
56%
Albania
50%
Eritrea
50%
Giappone
50%
Giordania
50%
Laos
50%
Lettonia
50%
Marocco
50%
Sudan
50%
Filippine
45%
Armenia
44%
Nuova Zelanda
44%
Guatemala
40%
Paesi Bassi
40%
Malesia
38%
Azerbaijan
33%
Bangladesh
33%
Guinea Equatoriale
33%
Israele
33%
Oman
33%
Tunisia
25%
El Salvador
0%
Georgia
0%

Distribuzione punteggi

Percentile per numero di risposta

Percentuale di utenti per punteggio

I tuoi punteggi nel tempo

Non hai fatto questo quiz